Callaloo or tossed salad: (Record no. 10431)

MARC details
000 -LEADER
fixed length control field 00393nam a22001217a 4500
005 - DATE AND TIME OF LATEST TRANSACTION
control field 20260306042523.0
008 - FIXED-LENGTH DATA ELEMENTS--GENERAL INFORMATION
fixed length control field 190704b ||||| |||| 00| 0 eng d
020 ## - INTERNATIONAL STANDARD BOOK NUMBER
International Standard Book Number 9780801486197
245 ## - TITLE STATEMENT
Title Callaloo or tossed salad:
Remainder of title east Indians and cultural politics of identity in Trinidad
260 ## - PUBLICATION, DISTRIBUTION, ETC.
Place of publication, distribution, etc. London.
Name of publisher, distributor, etc. Cornell University press,
Date of publication, distribution, etc. 2001
300 ## - PHYSICAL DESCRIPTION
Extent ix.303 p. ;
Dimensions 23 cm.
942 ## - Added entry Elements (Koha)
Source of classification or shelving scheme Dewey Decimal Classification
Koha item type Main
Holdings
Withdrawn status Lost status Source of classification or shelving scheme Damaged status Not for loan Collection code Home library Current library Shelving location Date acquired Inventory number Total Checkouts Full call number Barcode Date last seen Price effective from Koha item type Public note
    Dewey Decimal Classification     Main TEST RTC Library RTC Library Main opac 23/06/2025 19511   305.89 MUN 30020729 23/06/2025 23/06/2025 Main Donated by Dr.Dolma
Royal Thimphu College || All Right Reserved